| 000 | 01200nam a2200397 c 4500 | ||
|---|---|---|---|
| 001 | 22272 | ||
| 003 | ES-MaCES | ||
| 005 | 20141221122757.0 | ||
| 008 | 090722s2006 sp t o000 | spa d | ||
| 017 |
_aZ 1375-2006 _bDL |
||
| 020 | _a8484651975 | ||
| 035 | _aCES20090007524m | ||
| 040 |
_aES-MaCES _bspa _cES-MaCES |
||
| 100 | 1 |
_aSarriés Sanz, Luis _923575 |
|
| 245 | 1 | 0 |
_aMujeres directivas en España _b: estereotipos y realidad _cLuis Sarriés Sanz, Nuria del Olmo Vicén |
| 250 | _a1ª ed | ||
| 260 |
_aZaragoza _bMira _c2006 |
||
| 300 |
_a206 p. _c24 cm |
||
| 504 | _aBibliografía: p. 201-206 | ||
| 541 | _cCompra | ||
| 650 | 4 |
_amujeres _928657 |
|
| 650 | 4 |
_aalta dirección _928192 |
|
| 650 | 4 |
_adiscriminación por razones de sexo _929521 |
|
| 650 | 4 |
_aestructura social _927289 |
|
| 650 | 4 |
_aascenso _928217 |
|
| 650 | 4 |
_adesarrollo de la carrera _929403 |
|
| 650 | 4 |
_aconciliación _927303 |
|
| 650 | 4 |
_afamilia _927318 |
|
| 650 | 4 |
_aigualdad de oportunidades _927183 |
|
| 650 | 4 |
_aEspaña _926964 |
|
| 653 | 1 | 0 | _aMujer |
| 700 | 1 |
_aOlmo Vicén, Nuria del _919952 |
|
| 902 | _aLIB Libro | ||
| 942 |
_2CES _cBK _h3.3. |
||
| 999 |
_c22272 _d22272 |
||